000 00350nam a2200121 i 4500
001 bg
245 0 _aMetalliceskie konstrukcji :
_bVI Meżdunarodnaja nauczno-techniczeskaja konferencja.
_nT. 5,
_pPoslekonferencionnyj otcet.
260 _aKatowic,
_c1979.
040 _cBPK
041 _apol
942 _cKS
008 s pl f |000 0 pol
999 _c19489
_d19489
856 _uhttp://koha.tu.koszalin.pl/cgi-bin/koha/opac-detail.pl?biblionumber=19489
_yKatalog online BPK